UBT Library

Das LOL²A-Prinzip : (Record no. 265)

000 -LEADER
fixed length control field 00451nam a22001817a 4500
008 - FIXED-LENGTH DATA ELEMENTS--GENERAL INFORMATION
fixed length control field 131111b xxu||||| |||| 00| 0 ger d
020 ## - INTERNATIONAL STANDARD BOOK NUMBER
International Standard Book Number 3952060631
041 0# - LANGUAGE CODE
Language code of text/sound track or separate title ger
080 ## - UNIVERSAL DECIMAL CLASSIFICATION NUMBER
Universal Decimal Classification number 336.7:133.2
Common auxiliary subdivision (035)
100 1# - Rafti
-- Egli,René
245 ## - TITLE STATEMENT
Title Das LOL²A-Prinzip :
Statement of responsibility, etc René Egli
250 ## -
-- 12. Auflage
-- d'OLT
260 ## -
-- 1996.
300 ## -
-- 94 f. :
-- 19 cm.
650 #0 -
-- Financat
650 #0 -
-- Paraja
942 ## - ADDED ENTRY ELEMENTS (KOHA)
Source of classification or shelving scheme
Item type Books
Holdings
Withdrawn status Lost status Source of classification or shelving scheme Damaged status Not for loan Collection code Permanent location Current location Shelving location Date acquired Total Checkouts Full call number Barcode Date last seen Koha item type
          Koleksioni i përgjithshem UBT - Prishtine UBT - Prishtine Koleksioni i përgjithshem 11/11/2013   336.7:133.2 (035) EGL 001-000311 11/11/2013 Books
UBT Library © 2015-2024. All rights reserved University Education for Business and Technology